La trilogía "Los Pirineos" y la crítica. (Record no. 166641)

MARC details
000 -LEADER
campo de control de longitud fija 00711nam a2200181 i 4500
001 - NÚMERO DE CONTROL
campo de control 166641
003 - IDENTIFICADOR DE NÚMERO DE CONTROL
campo de control ES-MaACL
005 - FECHA Y HORA DE LA ÚLTIMA TRANSACCIÓN
campo de control 20230906213355.0
008 - DATOS DE LONGITUD FIJA--INFORMACIÓN GENERAL
campo de control de longitud fija 050915s1901 sp | |||||||| ||spa d
040 ## - FUENTE DE CATALOGACIÓN
Centro catalogador/agencia de origen CAM
Lengua de catalogación spa
Centro/agencia transcriptor CAM
245 03 - MENCIÓN DEL TÍTULO
Título La trilogía "Los Pirineos" y la crítica.
260 ## - PUBLICACIÓN, DISTRIBUCIÓN, ETC.
Lugar de publicación, distribución, etc. Barcelona :
Nombre del editor, distribuidor, etc. [s.n.],
Fecha de publicación, distribución, etc. 1901 (
Lugar de fabricación/manufactura Villanueva y Geltrú :
Fabricante Juan Oliva y Milá)
300 ## - DESCRIPCIÓN FÍSICA
Extensión XVI, 317 p. ;
Dimensiones 19 cm.
500 ## - NOTA GENERAL
Nota general Tirada de 500 ejemp.
530 ## - NOTA DISPONIBLE DE FORMULARIO FÍSICO ADICIONAL
Nota de formato físico adicional disponible Disponible en formato digital.
852 ## - LOCALIZACIÓN
Ubicación ES-MaACL
Número de control de estantería G-13472
Nota libre -- Enc. hol., conservando la cub. original
-- -- Ejemp. n. 94 de una tirada de 500 ejemp.
856 ## - LOCALIZACIÓN Y ACCESO ELECTRÓNICOS
Identificador Uniforme de Recursos <a href="http://bdh-rd.bne.es/viewer.vm?id=0000106429&page=1 ">http://bdh-rd.bne.es/viewer.vm?id=0000106429&page=1 </a>
Nota pública Biblioteca Digital Hispánica
Holdings
Estatus retirado Estado de pérdida Estado de daño No para préstamo Colección Biblioteca de origen Biblioteca actual Ubicación en estantería Fecha de adquisición Fuente de adquisición Total de préstamos Signatura topográfica completa Código de barras Visto por última vez Precio de reemplazo Tipo de ítem Koha
        Colección digital Biblioteca del Ateneo de Madrid Biblioteca del Ateneo de Madrid Sala Pecera Planta 3 17/01/2008     G-13472 1174773 23/02/2023 23/02/2023 Libro impreso antiguo